00531nam a2200181Ia 4500008004100000082001600041100003200057245002000089250000600109260002800115300001000143500002400153650001400177700003800191942000700229952009600236999001700332230524s9999 xx 000 0 und d a330.33bMEH aPradeep Kumar Mehta 942694 0aMicro Economics a1 aNew DelhibTaxmanc2016 a324p: aQuantity Number: 1 aEconomics a"Meena Singh , K.C.Mishra"942695 cBK 00104070aTATCLbTATCLcGENd2023-05-24l0o330.33 MEHp54046r2023-05-24w2023-05-24yBK c57683d57683